000 00795nas a2200253 4500
001 BR9510506
003 BR-BrBNA
005 20231205095552.0
007 ta
008 230509b bl.|||p| |||| 00| 00por d
040 _aBR-BrBNA
_bpor
_cBiblioteca Nacional de Agricultura
041 _a(Pt)
072 _aH20
100 1 _aLara, F.M.
100 1 _aDe Bortoli, S.A.
100 1 _aBoica Junior, A.L.
100 1 _aSuzuki, J.
245 1 _aUtilizacao de extratos liofilizados em pesquisa de resistencia de sorgo a Diatraea saccharalis (Fabr.): preferencia para alimentacao
650 _aSorgo
650 _aBroca
773 0 _tCultura Agronomica (Brazil)
_xISSN 0104-1010
_g(Dec 1993), v. 2(1) p. 189-197
_wBR9510506
909 _a202311
_bLúcia
_c55
_dLúcia Elande
942 _2AGRIS
_n0
_cANA
999 _c151415
_d151415